[Event "AUTO-BEG-261"]
[Site "http://www.queenalice.com/game.php?id=558000"]
[Date "2009.3.18"]
[Round "2"]
[White "ziul"]
[Black "GMLuizFernandes"]
[Result "1-0"]
[WhiteElo "1547"]
[BlackElo "1846"]

1. e4 e5 2. Nf3 Nc6 3. Nc3 Bc5 4. Bc4 Nf6 5. Ng5 O-O 6. d3 h6 7. Nh3 d6 8. Qf3
Nd4 9. Qd1 Bxh3 10. gxh3 Qd7 11. Rg1 Qxh3 12. Rg3 Qh5 13. Nd5 Qxd1+ 14. Kxd1 Kh7
15. Nxf6+ gxf6 16. Be3 Ne6 17. Kd2 Bxe3+ 18. fxe3 c6 19. c3 Rg8 20. Rag1 Rxg3
21. Rxg3 Rg8 22. Rf3 Rg2+ 23. Ke1 Kg7 24. Rg3+ Rxg3 25. hxg3 Nc5 26. Kf2 Na4 27.
Ke2 Nxb2 28. Bb3 a5 29. Kd2 a4 30. Bc2 a3 31. c4 Kg6 32. Kc3 b5 33. cxb5 cxb5
34. d4 Nc4 35. dxe5 Nxe5 36. Bd1 Nc6 37. Bc2 Kg5 38. Bd1 f5 39. Bf3 Ne5 40. Be2
fxe4 41. Bxb5 Kg4 42. Kb3 Kxg3 43. Kxa3 Kf3 44. Kb4 Kxe3 45. a4 Kd2 46. a5 e3
47. a6 e2 48. Bxe2 Kxe2 49. Kb5 d5 50. a7 d4 51. a8=Q f5 52. Qe8 d3 53. Qxe5+
Kd1 54. Kb4 d2 55. Ka3 Kc1 56. Qg7 d1=Q 57. Qb2# 1-0

[Event "AUTO-BEG-261"]
[Site "http://www.queenalice.com/game.php?id=558001"]
[Date "2009.3.18"]
[Round "2"]
[White "GMLuizFernandes"]
[Black "ziul"]
[Result "0-1"]
[WhiteElo "1832"]
[BlackElo "1502"]

1. Nf3 f6 2. c4 Nc6 3. d4 e6 4. e4 d5 5. exd5 exd5 6. Qe2+ Be6 7. cxd5 Qxd5 8.
Nc3 Qd7 9. d5 O-O-O 10. dxe6 Qd6 11. Nb5 Qb4+ 12. Bd2 Qxb2 13. Rd1 Bb4 14. e7
Ngxe7 15. Qe6+ Kb8 16. Nxc7 Rd6 17. Na6+ bxa6 18. Qc4 Rhd8 19. Qf4 Nd5 20. Qg3
Nc3 21. Bxa6 Nxd1 22. O-O Bxd2 23. Rxd1 Bf4 0-1

[Event "Challenge"]
[Site "http://www.queenalice.com/game.php?id=558430"]
[Date "2009.3.19"]
[Round "-"]
[White "Ebbe"]
[Black "ziul"]
[Result "1-0"]
[WhiteElo "1711"]
[BlackElo "1473"]

1. d4 d5 2. c4 c6 3. Nc3 dxc4 4. e4 b5 5. Nf3 e6 6. Be2 f6 7. O-O Bd6 8. e5 Bc7
9. a4 fxe5 10. axb5 e4 11. Nxe4 cxb5 12. b3 Qd5 13. Nc3 Qf5 14. bxc4 bxc4 15.
Bxc4 Qg6 16. Re1 Ne7 17. d5 O-O 18. dxe6 Na6 19. Ba3 Bd8 20. Bxe7 Bxe7 21. Nd5
Qe8 22. Bxa6 Qd8 23. Bxc8 Rxc8 24. Rxa7 Re8 25. Nxe7+ Rxe7 26. Qxd8+ Rxd8 27.
Rxe7 h6 28. Rd7 Re8 29. e7 Kf7 30. Nd4 1-0

[Event "Challenge"]
[Site "http://www.queenalice.com/game.php?id=561923"]
[Date "2009.3.26"]
[Round "-"]
[White "samuelrmgs"]
[Black "ziul"]
[Result "1-0"]
[WhiteElo "1353"]
[BlackElo "1476"]

1. e4 e5 2. Qh5 Nc6 3. Bc4 Qf6 4. Bxf7+ Qxf7 5. Qxf7+ Kxf7 6. Nf3 Nf6 7. Ng5+
Kg6 8. Nf3 Nb4 9. Kd1 Nxe4 10. Nh4+ Kf7 11. Rf1 Bc5 12. Ke2 1-0

[Event "Challenge"]
[Site "http://www.queenalice.com/game.php?id=561936"]
[Date "2009.3.26"]
[Round "-"]
[White "ziul"]
[Black "silverado"]
[Result "0-1"]
[WhiteElo "1473"]
[BlackElo "1783"]

1. e4 e5 2. Nf3 Nc6 3. Bc4 Nd4 4. Nxe5 Qg5 5. Nf3 Qxg2 6. Nxd4 Qxh1+ 7. Bf1
Qxe4+ 8. Qe2 Qxe2+ 9. Bxe2 c5 10. Nb5 Kd8 11. d4 a6 12. N5a3 cxd4 13. Nd2 d5 14.
Nf3 Bc5 15. Ne5 Ke7 16. Nd3 Bd6 17. c4 dxc4 18. Nxc4 Bxh2 19. Be3 dxe3 20. Nxe3
Be6 21. Rc1 Nf6 22. f4 Bg3+ 23. Kd1 Rhd8 24. f5 Bxa2 25. Rc5 Bb3+ 26. Kd2 Ne4+
27. Kc1 Nxc5 28. Nxc5 Rac8 0-1

[Event "Challenge"]
[Site "http://www.queenalice.com/game.php?id=572312"]
[Date "2009.4.15"]
[Round "-"]
[White "ziul"]
[Black "polly"]
[Result "1-0"]
[WhiteElo "1531"]
[BlackElo "1585"]

1. e4 e5 2. Bc4 Nf6 3. Nc3 Bc5 4. Na4 d6 5. Nf3 h6 6. d3 Be6 7. Nxc5 dxc5 8.
Nxe5 O-O 9. Qf3 Bxc4 10. dxc4 Nc6 11. Ng4 Nxg4 12. Qxg4 Qf6 13. O-O Rad8 14. Be3
Nd4 15. e5 Qe6 16. Qh5 Nxc2 17. Bxc5 Nxa1 18. Bxf8 Kxf8 19. Rc1 Rd2 20. Rxa1
Qxc4 21. Re1 Qe6 22. f4 Qd5 23. Qg4 g5 24. f5 Qd4+ 25. Qxd4 Rxd4 26. Kf2 Ke7 27.
Ke3 Rf4 28. f6+ Ke6 29. g3 Rf5 30. Kd4 g4 31. b4 Rf2 32. Rc1 c6 33. Ke4 Rxh2 34.
b5 cxb5 35. Rc7 Re2+ 36. Kf4 Rxe5 37. Re7+ Kxf6 38. Rxe5 Kg6 39. Kxg4 b4 40. Kf4
b6 41. Rb5 f6 42. g4 a5 43. Rxb6 h5 44. g5 1-0

[Event "XEQUE MATE"]
[Site "http://www.queenalice.com/game.php?id=580836"]
[Date "2009.5.1"]
[Round "3"]
[White "ziul"]
[Black "tomaz"]
[Result "0-1"]
[WhiteElo "1549"]
[BlackElo "1993"]

1. e4 e5 2. Nf3 d6 3. h3 Nf6 4. d4 exd4 5. Qxd4 Nc6 6. Qa4 Bd7 7. Nc3 a6 8. Bg5
b5 9. Qb3 Be6 10. Nd5 Bxd5 11. exd5 Na7 12. O-O-O Be7 13. Bd3 O-O 14. Rhe1 h6
15. Be3 Re8 16. g4 g5 17. h4 Nxg4 18. hxg5 Nxe3 19. fxe3 hxg5 20. Rh1 Bf6 21.
Bh7+ Kf8 22. Rdg1 c5 23. e4 Nc8 24. Qe3 Nb6 25. Nxg5 Bxb2+ 26. Kd1 Nxd5 27. Ne6+
Rxe6 28. Rg8+ Ke7 29. Qg5+ Nf6 30. Rxd8 Rxd8 31. Bf5 Rg8 32. Qd2 Nxe4 33. Bxe4
Rxe4 34. Re1 Rg1 35. c3 Rgxe1+ 0-1

[Event "Corinthians!"]
[Site "http://www.queenalice.com/game.php?id=595635"]
[Date "2009.5.30"]
[Round "3"]
[White "polly"]
[Black "ziul"]
[Result "0-1"]
[WhiteElo "1568"]
[BlackElo "1575"]

1. e4 e5 2. Nf3 Bd6 3. Nc3 c6 4. Bc4 b5 5. Bd3 Qf6 6. a3 Nh6 7. h3 O-O 8. b4 a5
9. Bb2 Bc7 10. O-O d6 11. Ne2 d5 12. Ng3 d4 13. Nf5 Be6 14. Nh2 Nxf5 15. exf5
Bd5 16. Qg4 Nd7 17. Nf3 Rfe8 18. Rfe1 Bxf3 19. Qxf3 Qd6 20. Be4 Ra6 21. d3 axb4
22. a4 Rxa4 23. Qe2 Rea8 24. f6 Qxf6 25. Qh5 h6 26. f3 Rxa1 27. Rxa1 Rxa1+ 28.
Bxa1 Qf4 29. Qf5 Qc1+ 30. Kh2 Nb6 31. Qh7+ Kf8 32. Qh8+ Ke7 33. Qc8 Nxc8 0-1

[Event "Challenge"]
[Site "http://www.queenalice.com/game.php?id=611703"]
[Date "2009.7.1"]
[Round "-"]
[White "ziul"]
[Black "Ebbe"]
[Result "1-0"]
[WhiteElo "1619"]
[BlackElo "1855"]

1. e4 e5 2. Nf3 Nc6 3. c3 Nf6 4. d4 Nxe4 5. d5 Na5 6. Bd3 Nf6 7. Bg5 Bd6 8. O-O
O-O 9. Bh4 c6 10. b4 Re8 11. Nbd2 cxd5 12. Bxh7+ Kxh7 13. Ng5+ Kg8 14. bxa5 Qxa5
15. c4 dxc4 16. Nxc4 Qa6 17. Nxd6 Re7 18. Rc1 b5 19. Rc7 g6 20. Nge4 Nxe4 21.
Bxe7 Qb6 22. Qd5 Nxd6 23. Bxd6 Rb8 24. Rfc1 Bb7 25. Qxe5 Qa6 26. Rxd7 Bc6 27.
Rxf7 Kxf7 28. Qe7+ Kg8 29. Qe6+ Kh7 30. Qf7+ Kh6 31. Rc3 Qa4 32. Bf4+ Kh5 33.
Rc5+ 1-0

[Event "Challenge"]
[Site "http://www.queenalice.com/game.php?id=616425"]
[Date "2009.7.10"]
[Round "-"]
[White "Legiao"]
[Black "ziul"]
[Result "0-1"]
[WhiteElo "1079"]
[BlackElo "1617"]

1. e3 e5 2. Bc4 Qh4 3. Qf3 Qxc4 4. d3 Qxc2 5. Bd2 Nf6 6. a4 d5 7. a5 Bg4 8. e4
Bxf3 9. gxf3 Nc6 10. Na3 Qxd3 11. Rc1 Nd4 12. Rc3 Qa6 13. Rb3 Nxb3 14. Bg5 Bb4+
15. Kd1 Nd4 16. Nh3 Bxa3 17. bxa3 Qe2+ 18. Kc1 Qc2# 0-1

[Event "Challenge"]
[Site "http://www.queenalice.com/game.php?id=616499"]
[Date "2009.7.10"]
[Round "-"]
[White "Dionnatann"]
[Black "ziul"]
[Result "0-1"]
[WhiteElo "1368"]
[BlackElo "1662"]

1. e3 e5 2. Nf3 Nc6 3. Be2 Qf6 4. O-O Qg6 5. Nc3 d5 6. Nxd5 Bd6 7. Nh4 Qe4 8.
Nxc7+ Bxc7 9. Bf3 Qxh4 10. Qe2 Nf6 11. g3 Qh3 12. Qd3 Bg4 13. Bg2 Qh5 14. b3 Bf5
15. Qc4 Bh3 16. Bxh3 Qxh3 17. d4 Ng4 18. f3 Qxh2# 0-1

[Event "Corinthians!"]
[Site "http://www.queenalice.com/game.php?id=620252"]
[Date "2009.7.17"]
[Round "4"]
[White "ziul"]
[Black "Mars"]
[Result "1-0"]
[WhiteElo "1644"]
[BlackElo "1685"]

1. e4 e5 2. Nf3 d6 3. Bc4 Be6 4. Na3 d5 5. exd5 Bxd5 6. Nxe5 Bxc4 7. Naxc4 Qe7
8. O-O Qf6 9. Re1 Ne7 10. d3 Qe6 11. Qf3 Nbc6 12. Bf4 g6 13. Ng4 Qd7 14. Nf6+
Kd8 15. Nxd7 Kxd7 16. d4 Rd8 17. Ne5+ Nxe5 18. Bxe5 Rg8 19. Qxb7 Ke8 20. Bxc7
Rc8 21. Qc6# 1-0

[Event "AUTO-ADV-1411"]
[Site "http://www.queenalice.com/game.php?id=623467"]
[Date "2009.7.23"]
[Round "1"]
[White "aormic"]
[Black "ziul"]
[Result "1-0"]
[WhiteElo "2062"]
[BlackElo "1657"]

1. e4 e5 2. Nf3 Bc5 3. Bc4 d6 4. O-O c6 5. d4 exd4 6. Nxd4 d5 7. exd5 cxd5 8.
Bb5+ Bd7 9. Re1+ Ne7 10. Bg5 Bxb5 11. Nxb5 Nc6 12. N1c3 O-O 13. Bxe7 Nxe7 14.
Nd4 Qb6 15. Na4 Qc7 16. Nxc5 Qxc5 17. Re3 Rfe8 18. c3 a5 19. Qg4 Ra6 20. Rae1
Rg6 21. Qd7 Qc8 22. Rxe7 Qxd7 23. Rxe8+ 1-0

[Event "AUTO-ADV-1411"]
[Site "http://www.queenalice.com/game.php?id=623468"]
[Date "2009.7.23"]
[Round "1"]
[White "ziul"]
[Black "aormic"]
[Result "0-1"]
[WhiteElo "1632"]
[BlackElo "2110"]

1. e4 c5 2. d4 cxd4 3. Qxd4 Nc6 4. Qa4 Nf6 5. Nf3 Qc7 6. Nc3 e6 7. g3 a6 8. Bb5
Bc5 9. Be3 Bxe3 10. fxe3 O-O 11. O-O-O d6 12. Bd3 Bd7 13. e5 Nxe5 14. Qf4 Nxf3
15. Qxf3 Bc6 16. Ne4 Nxe4 17. Bxe4 Bxe4 18. Qxe4 Rac8 19. c3 b5 20. Rd4 Qc6 21.
Rhd1 Qxe4 22. Rxe4 d5 23. Rb4 Rc5 24. a4 Rb8 25. a5 Kf8 26. h4 Ke7 27. Re1 e5
28. e4 d4 29. Kd2 dxc3+ 30. bxc3 Rd8+ 31. Kc2 Rd4 32. Kb3 Rd3 33. Rc1 Rxg3 34.
Kb2 Rg4 35. Rh1 Rc4 36. Rb3 Rgxe4 37. Rh3 Rxh4 38. Re3 Rh2+ 39. Ka3 Ra4# 0-1

[Event "AUTO-ADV-1411"]
[Site "http://www.queenalice.com/game.php?id=623481"]
[Date "2009.7.23"]
[Round "1"]
[White "kasparosaure"]
[Black "ziul"]
[Result "1-0"]
[WhiteElo "1943"]
[BlackElo "1667"]

1. d4 d5 2. Nf3 Nc6 3. c3 Bf5 4. Bg5 Qd6 5. Nbd2 h6 6. Bh4 g5 7. Bg3 Qf6 8. Bxc7
Qg6 9. Qb3 Na5 10. Bxa5 Qa6 11. Bb4 Qe6 12. e3 Nf6 13. Bb5+ Nd7 14. Ne5 Qb6 15.
Qa4 O-O-O 16. Ba5 Qd6 17. Bxd8 Nxe5 18. dxe5 Qxd8 19. O-O a6 20. Bxa6 Bd7 21.
Bb5 Bxb5 22. Qxb5 e6 23. Rfd1 Qc7 24. Qe8+ Qd8 25. Qxd8+ Kxd8 26. Ne4 Be7 27. c4
f5 28. Nf6 f4 29. cxd5 Bxf6 30. exf6 e5 31. exf4 exf4 32. Rac1 Rf8 33. d6 Rxf6
34. d7 Rf7 35. Rc8+ 1-0

[Event "AUTO-ADV-1411"]
[Site "http://www.queenalice.com/game.php?id=623482"]
[Date "2009.7.23"]
[Round "1"]
[White "ziul"]
[Black "kasparosaure"]
[Result "0-1"]
[WhiteElo "1662"]
[BlackElo "1936"]

1. e4 e6 2. Nf3 d5 3. e5 c5 4. c4 d4 5. d3 Nc6 6. a3 Qc7 7. Bf4 Nge7 8. Qa4 Bd7
9. Qc2 Ng6 10. g3 Ngxe5 11. Nbd2 Bd6 12. Bh3 Nxf3+ 13. Nxf3 Bxf4 14. gxf4 Qxf4
15. Qe2 O-O-O 16. b4 cxb4 17. a4 Rhe8 18. Rg1 g6 19. Rg4 Qf6 20. Ng5 h5 21. Ne4
Qe5 22. f4 Qc7 23. Rg5 Qxf4 24. Kd1 a5 25. Kc2 Qe3 26. Qxe3 dxe3 27. Nd6+ Kb8
28. Nxe8 Bxe8 29. Re1 Nd4+ 30. Kb2 Nf3 31. Reg1 Nxg1 32. Rxg1 Rxd3 33. Re1 Bxa4
34. Bf1 Rd2+ 35. Kc1 f5 36. Be2 f4 37. Rg1 Rxe2 38. Rxg6 Rxh2 39. Rxe6 b3 40.
Rb6 f3 41. Re6 e2 42. Kb2 e1=Q+ 0-1

[Event "AUTO-ADV-1411"]
[Site "http://www.queenalice.com/game.php?id=623491"]
[Date "2009.7.23"]
[Round "1"]
[White "ziul"]
[Black "gauderio"]
[Result "0-1"]
[WhiteElo "1672"]
[BlackElo "1950"]

1. e4 c5 2. Na3 Nc6 3. c3 d6 4. d3 g6 5. d4 cxd4 6. cxd4 Bg7 7. Nf3 Bg4 8. Qa4
Bd7 9. Bb5 a6 10. Bxc6 Bxc6 11. Qb3 Bxe4 12. Ng5 Qa5+ 13. Bd2 Qd5 14. Qa4+ Qc6
15. Qb3 Bd5 16. Qg3 h6 17. Rc1 Qd7 18. Nh3 Bxd4 19. Bc3 Bxc3+ 20. Qxc3 Qe6+ 21.
Kf1 Nf6 22. Nf4 Qf5 23. Nxd5 Qxd5 24. Nc4 O-O 25. Ne3 Qxa2 26. h4 Rac8 27. Qd2
Rxc1+ 28. Qxc1 Qe6 29. Nc2 Rc8 30. h5 Qc4+ 31. Ke1 Qxc2 32. Qxc2 Rxc2 33. Rh3
Rxb2 34. hxg6 fxg6 35. Rxh6 Kg7 36. Rh4 a5 37. Rc4 b5 38. Rc7 Nd5 39. Rc1 Nb4
40. Rc3 a4 41. g3 a3 42. Kd1 a2 0-1

[Event "AUTO-ADV-1411"]
[Site "http://www.queenalice.com/game.php?id=623492"]
[Date "2009.7.23"]
[Round "1"]
[White "gauderio"]
[Black "ziul"]
[Result "1-0"]
[WhiteElo "1930"]
[BlackElo "1664"]

1. d4 d5 2. c4 c6 3. Nf3 Nf6 4. Nc3 Bf5 5. g3 dxc4 6. Bg2 e6 7. Ne5 Nbd7 8. Nxc4
b5 9. e4 Bg6 10. e5 bxc4 11. exf6 Qxf6 12. O-O Rd8 13. h4 e5 14. Bg5 Qd6 15.
Bxd8 Kxd8 16. dxe5 Qxe5 17. Bxc6 Bd3 18. Re1 Qc5 19. Bxd7 Kxd7 20. Qa4+ Qc6 21.
Qxa7+ Qc7 22. Qxc7+ Kxc7 23. Re8 Bf5 24. a4 Bd7 25. Nb5+ Kc6 26. Rd8 h5 27. Rc1
Be6 28. Nd4+ Kc5 29. Nxe6+ 1-0

[Event "XEQUE MATE"]
[Site "http://www.queenalice.com/game.php?id=631428"]
[Date "2009.8.6"]
[Round "4"]
[White "josealexandreschultz"]
[Black "ziul"]
[Result "0-1"]
[WhiteElo "1627"]
[BlackElo "1659"]

1. e4 e5 2. Nf3 d6 3. Bc4 Nf6 4. Nc3 c6 5. O-O b5 6. Bb3 a5 7. a3 Qb6 8. d3 d5
9. Nxe5 d4 10. Ne2 Bd6 11. Nf3 c5 12. c3 c4 13. Bc2 Nc6 14. Nexd4 Nxd4 15. Nxd4
Qd8 16. Nxb5 Bxh2+ 17. Kxh2 Ng4+ 18. Kg3 Ne5 19. f4 Ra6 20. fxe5 Rg6+ 21. Kf2
Bg4 22. Qd2 Qh4+ 23. Ke3 O-O 24. Kd4 f6 25. Kxc4 Be6+ 26. Kd4 fxe5+ 27. Kc5 Rc8+
28. Kd6 Bg4+ 29. Kxe5 Qe7+ 30. Kd4 Qc5# 0-1

[Event "AUTO-BEG-261"]
[Site "http://www.queenalice.com/game.php?id=635834"]
[Date "2009.8.13"]
[Round "3"]
[White "ziul"]
[Black "art"]
[Result "0-1"]
[WhiteElo "1674"]
[BlackElo "2461"]

1. e4 e5 2. Nf3 Nc6 3. Nc3 d6 4. Bc4 Be7 5. d3 Na5 6. Nd5 Nxc4 7. Nxe7 Nxb2 8.
Bxb2 Nxe7 9. d4 f6 10. d5 O-O 11. O-O Bg4 12. Qd3 f5 13. Rfe1 fxe4 14. Qc4 Bxf3
15. gxf3 exf3 16. Qg4 Rf6 17. Qe4 Rf4 18. Qd3 Nf5 19. Re4 Qg5+ 20. Kf1 Qg4 21.
Ke1 Rxe4+ 22. Kd2 a5 23. Bc1 Rd4 0-1

[Event "Serpd-DECA"]
[Site "http://www.queenalice.com/game.php?id=655146"]
[Date "2009.9.19"]
[Round "1"]
[White "polly"]
[Black "ziul"]
[Result "1-0"]
[WhiteElo "1658"]
[BlackElo "1608"]

1. e4 e5 2. Nf3 d5 3. Nc3 Nf6 4. d4 exd4 5. Qxd4 Nc6 6. Qe3 d4 7. Nxd4 Nxd4 8.
Qd3 Ng4 9. Be3 Bc5 10. Be2 Ne5 11. Qd2 Be6 12. O-O Qd6 13. Bxd4 Bxd4 14. Qf4 Ng4
15. Qxd6 cxd6 16. Bxg4 Bxg4 17. h3 Be6 18. Nd5 Rc8 19. c3 Be5 20. Rac1 f5 21. f3
Bg3 22. Rcd1 O-O 23. Ne7+ Kh8 24. Nxc8 Bc4 25. Nxd6 Bxf1 26. Kxf1 g6 27. exf5
gxf5 28. f4 Rf6 29. Rd4 Re6 30. Nf7+ Kg7 31. Ne5 Re7 32. Ke2 Bh4 33. Kf3 Bf6 34.
g4 Bxe5 35. fxe5 Rxe5 36. Kf4 Re2 37. gxf5 Rf2+ 38. Kg4 Kf6 39. Rd6+ Ke5 40.
Re6+ Kd5 41. Re7 Rxb2 42. Rxh7 a5 43. f6 Ke6 44. f7 Rg2+ 45. Kh4 Rf2 46. f8=Q
Rxf8 47. Rxb7 Kf5 48. Rb5+ Kf4 49. Kh5 Rf5+ 50. Rxf5+ Kxf5 51. c4 Ke5 52. h4 Kd4
53. Kg5 a4 54. h5 1-0

[Event "Serpd-DECA"]
[Site "http://www.queenalice.com/game.php?id=655148"]
[Date "2009.9.19"]
[Round "2"]
[White "ziul"]
[Black "DG"]
[Result "0-1"]
[WhiteElo "1655"]
[BlackElo "1476"]

1. e4 e5 2. Nf3 Bc5 3. Bc4 Nf6 4. Nxe5 d5 5. exd5 Nxd5 6. Qf3 Be6 7. Nc3 Nc6 8.
Nxc6 bxc6 9. Ne4 Qe7 10. O-O O-O 11. Qg3 Bd6 12. Nxd6 cxd6 13. d3 Qf6 14. Bg5
Qe5 15. f4 Qxb2 16. f5 Qd4+ 17. Kh1 Bd7 18. f6 Rfe8 19. Bh6 g6 20. Bg7 Qg4 21.
Rf3 Qxg3 22. Rxg3 Re2 23. h4 Rxc2 24. Rb1 Rf2 25. h5 Nxf6 26. Bxf6 Rxf6 27. d4
d5 28. Be2 Rf2 29. Re1 Re8 30. h6 Rfxe2 31. Rb1 Rxa2 32. Kh2 Bf5 33. Re3 Be4 34.
Kg3 Rxg2+ 35. Kh3 Rg5 36. Kh2 Rh5+ 37. Rh3 Bxb1 0-1

[Event "Poirot-2"]
[Site "http://www.queenalice.com/game.php?id=676123"]
[Date "2009.11.1"]
[Round "1"]
[White "tche_elvio"]
[Black "ziul"]
[Result "1-0"]
[WhiteElo "1492"]
[BlackElo "1630"]

1. c4 e5 2. Nc3 c6 3. g3 Nf6 4. Bg2 d5 5. d4 e4 6. e3 Bg4 7. Nge2 Bb4 8. Qd2 O-O
9. O-O Re8 10. c5 b5 11. a3 Ba5 12. b4 Bc7 13. a4 a6 14. axb5 a5 15. bxc6 Nxc6
16. Nb5 a4 17. Nxc7 Qxc7 18. Nc3 Na5 19. Nb5 Nb3 20. Nxc7 Nxd2 21. Bxd2 Be2 22.
Nxe8 Bxf1 23. Nxf6+ 1-0